| 000 | 00911nam a22001935i 4500 | ||
|---|---|---|---|
| 001 | 158773 | ||
| 003 | ES-MaACL | ||
| 005 | 20230906211317.0 | ||
| 008 | 040906s1882 fr a |||| | fre d | ||
| 040 |
_aCAM _bspa _cCAM |
||
| 100 | 1 |
_aMarion, Antoine-Fortune. _9129505 |
|
| 245 | 1 | 0 |
_aApplication du sulfure de carbone au traitement des vignes phyllosérées _b: 5e et 6e annés : rapport sur les travaux des années 1880 et 1881 et sur les résultats obtenus en grande culture / _cpar A.-F. Marion. |
| 260 |
_aParis : _bSociété d'imprimerie adminsitrative et des chemins de fer, Paul Dupont, _c1882. |
||
| 300 |
_a40 p., [2] h. de lám. col. ; _c27 cm. |
||
| 594 | _aPrecede al tit.: Compagnie des Chemins de Fer de Paris a Lyon et a la Méditerranée. | ||
| 650 | 4 |
_aViticultura. _9136993 |
|
| 650 | 4 |
_aFiloxera. _9136118 |
|
| 852 |
_aES-MaACL _jT-664-F-5 _z-- Enc. hol. conservando la cub. original _q-- |
||
| 999 |
_c158773 _d158773 |
||